000 00944nam a22002537a 4500
005 20170124103148.0
010 _aB-172281
020 _a8188081353
_c100.00
035 _aB-172281
037 _bCen Lib/Ret
040 _aDPL
_bHN
082 _a821
_bवर्माअ
100 _aवर्मा, अशोक
_986872
245 _aगज़ल बोलती है /
_cअशोक वर्मा
246 _aGazal bolti hai
_b by Ashok Verma
260 _a दिल्ली
_bदिशा प्रकाशन
_c2005
270 _a138/16, त्रि नगर
_bदिल्ली
_e110035
300 _a102पृष्ठ.
_c20सेमी(सजिल्द)
650 _aहिंदी साहित्य
_986873
650 _aहिंदी गज़ल
_986874
650 _aHindi Literature
_986875
650 _aHindi Ghazal
_946045
942 _2ddc
_cHN
_h821
_mवर्माअ
999 _c119789
_d119789